000 00703nam a2200229Ia 4500
003 OSt
005 20221005092643.0
006 a|||||r|||| 00| 0
007 ta
008 221004b |||||||| |||| 00| 0 eng d
024 _a48439
037 _cTextual
040 _aCRL
_cCRL
_beng
041 _2eng
_aeng
082 _aO111973:gv, F8
245 0 _aReinterpretation of American literature
_b Some contributions toward the understanding of its historical development edited by Norman Foerster
260 _aNew York
_bRussell & Russell USA
_c1928
300 _a213p.
_ccm.
650 _aAMERICAN LITERATURE
942 _hO111973:gv, F8
_cTEXL
_2cc
999 _c999155
_d999155